000 00707nam a22002297a 4500
005 20170124110109.0
010 _a848105
020 _c12.00
_a333901835
035 _a848105
037 _bCen Lib/Ret
040 _aDPL
_bEN
082 _a921
_bNAR
100 _aNaravane, Vishwanath S.
_928704
245 _aAn introduction to Rabindranath Tagore /
_cby Vishwanath S. Naravane
260 _aDelhi
_bMacmillan
_c1977
270 _bDelhi
300 _aviii,180p.
_c20cm(Hb)
500 _aIncludes bibliographical references
650 _aTagore, Rabindranath, -- 1861-1941
_928705
650 _aAuthors, Bengali -- 20th century -- Biography
_928706
942 _2ddc
_cEN
_h921
_mNAR
999 _c130249
_d130249